000 00410nam a2200133 4500
999 _c509832
_d509832
008 190617b ||||| |||| 00| 0 eng d
100 _aRockoff, Hugh
_96299
245 _aOn the controversies behind the origins of the federal economic statistics
260 _c2019
300 _ap.147-164.
773 _aJournal of Economic Perspectives
906 _aEconomic statistics - United States
942 _2ddc
_cAR